Eastern Utah Libraries Catalog: Duchesne, Heber, Roosevelt, & Vernal

Glory from on high (Record no. 68063)

MARC details
000 -LEADER
fixed length control field 02256cim a2200505Ia 4500
001 - CONTROL NUMBER
control field ocn216935480
003 - CONTROL NUMBER IDENTIFIER
control field OCoLC
005 - DATE AND TIME OF LATEST TRANSACTION
control field 20241220124820.0
007 - PHYSICAL DESCRIPTION FIXED FIELD--GENERAL INFORMATION
fixed length control field sd fsngnnmmned
008 - FIXED-LENGTH DATA ELEMENTS--GENERAL INFORMATION
fixed length control field 080401s2008 utunnn f eng d
020 ## - INTERNATIONAL STANDARD BOOK NUMBER
International Standard Book Number 9781598114669 :
Terms of availability $29.95
020 ## - INTERNATIONAL STANDARD BOOK NUMBER
International Standard Book Number 1598114662
028 02 - PUBLISHER NUMBER
Publisher number CCID-2600899
Source Covenant Communications
035 ## - SYSTEM CONTROL NUMBER
System control number (OCoLC)216935480
040 ## - CATALOGING SOURCE
Original cataloging agency UPZ
Transcribing agency UPZ
Modifying agency OCLCG
-- OCLCQ
-- UINTA
Description conventions rda
049 ## - LOCAL HOLDINGS (OCLC)
Holding library UCLB
050 14 - LIBRARY OF CONGRESS CALL NUMBER
Classification number PS3557.A411533
Item number G514 2008
082 04 - DEWEY DECIMAL CLASSIFICATION NUMBER
Classification number 813/.54
Edition number 22
092 ## - LOCALLY ASSIGNED DEWEY CALL NUMBER (OCLC)
Classification number GALLACHER
100 1# - MAIN ENTRY--PERSONAL NAME
Personal name Gallacher, Marcie,
Dates associated with a name 1959-
9 (RLIN) 44266
245 10 - TITLE STATEMENT
Title Glory from on high
Medium [sound recording] :
Remainder of title A banner is unfurled, volume three /
Statement of responsibility, etc Marcie Gallacher, Kerri Robinson.
260 ## - PUBLICATION, DISTRIBUTION, ETC. (IMPRINT)
Place of publication, distribution, etc American Fork, Utah :
Name of publisher, distributor, etc Covenant Communications,
Date of publication, distribution, etc p2008.
264 ## - Production, Publication, Distribution, Manufacture, and Copyright Notice.
Place of production, publication, distribution, manufacture American Fork, Utah :
Name of producer, publisher, distributor, manufacturer Covenant Communications,
Date of production, publication, distribution, manufacture, or copyr p2008.
300 ## - PHYSICAL DESCRIPTION
Extent 7 sound discs (ca. 9 hr.) :
Other physical details digital ;
Dimensions 4 3/4 in.
306 ## - PLAYING TIME
Playing time 090000
336 ## - Content Type
Content type term spoken word
337 ## - Media type
Media type term audio
338 ## - Carrier type
Carrier type term audio disc
490 1# - SERIES STATEMENT
Series statement A banner is unfurled ;
Volume number/sequential designation v. 3
500 ## - GENERAL NOTE
General note "Covenant Audio."
500 ## - GENERAL NOTE
General note Compact discs.
500 ## - GENERAL NOTE
General note Unabridged.
511 0# - PARTICIPANT OR PERFORMER NOTE
Participant or performer note Narrated by Jason Tatom.
520 ## - SUMMARY, ETC.
Summary, etc "As the walls of the Kirtland temple rise in splendor, opposition rages within and without the Johnson home. Multiple tragedies strike Ezekiel and Julia's family, threatening to rip relationships apart at the roots. Threats from Church antagonists mingle with contention and suspicion simmering amongst the brethren themselves. And not even the Prophet can escape the specter of illness hanging over the city. Will the faith of the Johnsons flounder, or flourish?"--Container.
600 10 - SUBJECT ADDED ENTRY--PERSONAL NAME
Personal name Johnson, Julia Hills
Form subdivision Fiction.
9 (RLIN) 6393715
600 10 - SUBJECT ADDED ENTRY--PERSONAL NAME
Personal name Johnson, Ezekiel,
Dates associated with a name 1773?-1848
Form subdivision Fiction.
9 (RLIN) 6393714
650 #0 - SUBJECT ADDED ENTRY--TOPICAL TERM
Topical term or geographic name as entry element Mormons
Form subdivision Fiction.
9 (RLIN) 5674350
655 #7 - INDEX TERM--GENRE/FORM
Genre/form data or focus term Biographical fiction.
Source of term gsafd
9 (RLIN) 6205460
655 #7 - INDEX TERM--GENRE/FORM
Genre/form data or focus term Historical fiction.
Source of term gsafd
9 (RLIN) 6205461
655 #0 - INDEX TERM--GENRE/FORM
Genre/form data or focus term Audiobooks.
9 (RLIN) 6205462
700 1# - ADDED ENTRY--PERSONAL NAME
Personal name Robinson, Kerri.
9 (RLIN) 78150
700 1# - ADDED ENTRY--PERSONAL NAME
Personal name Tatom, Jason.
9 (RLIN) 43807
800 1# - SERIES ADDED ENTRY--PERSONAL NAME
Personal name Gallacher, Marcie,
Dates associated with a name 1959-
Title of a work Banner is unfurled (Covenant Communications) ;
Volume/sequential designation v. 3.
9 (RLIN) 6205463
942 ## - ADDED ENTRY ELEMENTS (KOHA)
Koha item type Audiobook on CD
Source of classification or shelving scheme Dewey Decimal Classification
Holdings
Withdrawn status Lost status Source of classification or shelving scheme Materials specified (bound volume or other part) Damaged status Not for loan Collection code Home library Current library Shelving location Date acquired Source of acquisition Cost, normal purchase price Total Checkouts Full call number Barcode Date last seen Date checked out Cost, replacement price Price effective from Koha item type
    Dewey Decimal Classification .CIRCNOTE. 7 discs     Audiobooks Wasatch County Library Wasatch County Library Second Floor 05/22/2017 Donation 29.95 4 CD Gal 34301001357997 03/06/2025 03/04/2025 29.95 03/20/2020 Audiobook on CD
This project was made possible through a grant from the Institute of Museum and Library Service administered by the Utah State Library Division.

Wasatch County Library

  • 465 East 1200 South, Heber City, Utah 84032
  • Phone 435-654-1511 | Fax 435-654-6456

Hours

  • Monday - Friday 9:30 AM - 8:00 PM
  • Saturday 9:30 AM - 1:30 PM
  • Closed Sundays and Holidays